<?xml version="1.0" encoding="UTF-8"?>
<record
    xmlns:xsi="http://www.w3.org/2001/XMLSchema-instance"
    xsi:schemaLocation="http://www.loc.gov/MARC21/slim http://www.loc.gov/standards/marcxml/schema/MARC21slim.xsd"
    xmlns="http://www.loc.gov/MARC21/slim">

  <leader>01900cas a2200313u  4500</leader>
  <controlfield tag="001">10571935</controlfield>
  <controlfield tag="005">20260223151321.0</controlfield>
  <controlfield tag="008">851203c18619999enkwu         0    0eng  </controlfield>
  <datafield tag="010" ind1=" " ind2=" ">
    <subfield code="a">   54040727 </subfield>
  </datafield>
  <datafield tag="022" ind1=" " ind2=" ">
    <subfield code="a">0017-4351</subfield>
  </datafield>
  <datafield tag="035" ind1=" " ind2=" ">
    <subfield code="a">10571935</subfield>
  </datafield>
  <datafield tag="040" ind1=" " ind2=" ">
    <subfield code="a">DLC</subfield>
    <subfield code="c">CarP</subfield>
    <subfield code="d">DLC</subfield>
  </datafield>
  <datafield tag="043" ind1=" " ind2=" ">
    <subfield code="a">e-uk---</subfield>
  </datafield>
  <datafield tag="050" ind1="0" ind2="0">
    <subfield code="a">HF5001</subfield>
    <subfield code="b">.G7</subfield>
  </datafield>
  <datafield tag="245" ind1="0" ind2="4">
    <subfield code="a">The Grocer.</subfield>
  </datafield>
  <datafield tag="250" ind1=" " ind2=" ">
    <subfield code="a">Physical copies are available on the journal display stand. The first issue received in print is dated 14 February 2026.</subfield>
  </datafield>
  <datafield tag="260" ind1=" " ind2=" ">
    <subfield code="a">London</subfield>
    <subfield code="b">[W. Reed, etc.]</subfield>
    <subfield code="c">[n.d.]</subfield>
  </datafield>
  <datafield tag="300" ind1=" " ind2=" ">
    <subfield code="a">v.</subfield>
    <subfield code="b">ill., ports.</subfield>
    <subfield code="c">29 cm.</subfield>
  </datafield>
  <datafield tag="310" ind1=" " ind2=" ">
    <subfield code="a">Weekly</subfield>
  </datafield>
  <datafield tag="362" ind1="1" ind2=" ">
    <subfield code="a">Began in 1861?</subfield>
  </datafield>
  <datafield tag="505" ind1=" " ind2=" ">
    <subfield code="a">The Grocer is a leading UK trade magazine covering the food and grocery industry. It provides news, market analysis, company reports, retail trends, product launches, supply chain developments, and industry data.

It is widely used by professionals in retail, FMCG, food manufacturing, and distribution, and is a valuable source for research in areas such as:

Retail strategy &#x2014; 

Brand management &#x2014; 

Consumer trends &#x2014; 

Supply chain and logistics &#x2014; 

Sustainability in food and grocery.

Publication type: Trade journal: 
Coverage: United Kingdom (with international industry relevance) &#x2014; 
Audience: Industry professionals, analysts, researchers.

If you need access to specific articles or archive content, please contact the Library: biblioteca@tbs-education.es</subfield>
  </datafield>
  <datafield tag="525" ind1=" " ind2=" ">
    <subfield code="a">Supplements accompany some issues.</subfield>
  </datafield>
  <datafield tag="650" ind1=" " ind2="0">
    <subfield code="a">Grocery trade</subfield>
    <subfield code="z">Great Britain</subfield>
    <subfield code="v">Periodicals.</subfield>
  </datafield>
  <datafield tag="780" ind1="1" ind2="5">
    <subfield code="t">Grocery marketing</subfield>
  </datafield>
  <datafield tag="780" ind1="1" ind2="5">
    <subfield code="t">Confectioner, tobacconist, newsagent</subfield>
  </datafield>
  <datafield tag="856" ind1=" " ind2=" ">
    <subfield code="u">https://forms.office.com/e/9nxv3na4mn</subfield>
    <subfield code="y">Please fill in this form if you require access to an article from the archive or if you are carrying out a subject search.</subfield>
  </datafield>
  <datafield tag="856" ind1=" " ind2=" ">
    <subfield code="u">https://www.thegrocer.co.uk/</subfield>
    <subfield code="y">Website of The Grocer</subfield>
  </datafield>
  <datafield tag="942" ind1=" " ind2=" ">
    <subfield code="2">lcc</subfield>
  </datafield>
  <datafield tag="952" ind1=" " ind2=" ">
    <subfield code="0">0</subfield>
    <subfield code="1">0</subfield>
    <subfield code="2">lcc</subfield>
    <subfield code="4">0</subfield>
    <subfield code="5">13</subfield>
    <subfield code="7">4</subfield>
    <subfield code="a">TBS</subfield>
    <subfield code="b">TBS</subfield>
    <subfield code="c">DISPLAY</subfield>
    <subfield code="d">2026-02-23</subfield>
    <subfield code="l">0</subfield>
    <subfield code="o">The journal is available on the new arrivals shelf</subfield>
    <subfield code="p">B06062</subfield>
    <subfield code="r">2026-02-23</subfield>
    <subfield code="t">1</subfield>
    <subfield code="u">https://www.thegrocer.co.uk/</subfield>
    <subfield code="w">2026-02-23</subfield>
    <subfield code="y">JOURNAL</subfield>
    <subfield code="z">14 February 2026</subfield>
  </datafield>
  <datafield tag="952" ind1=" " ind2=" ">
    <subfield code="0">0</subfield>
    <subfield code="1">0</subfield>
    <subfield code="2">lcc</subfield>
    <subfield code="4">0</subfield>
    <subfield code="5">13</subfield>
    <subfield code="7">4</subfield>
    <subfield code="a">TBS</subfield>
    <subfield code="b">TBS</subfield>
    <subfield code="c">DISPLAY</subfield>
    <subfield code="d">2026-02-23</subfield>
    <subfield code="l">0</subfield>
    <subfield code="o">The journal is available on the new arrivals shelf</subfield>
    <subfield code="p">B06063</subfield>
    <subfield code="r">2026-03-03</subfield>
    <subfield code="t">1</subfield>
    <subfield code="u">https://www.thegrocer.co.uk/</subfield>
    <subfield code="w">2026-02-23</subfield>
    <subfield code="y">JOURNAL</subfield>
    <subfield code="z">21 February 2026</subfield>
  </datafield>
  <datafield tag="952" ind1=" " ind2=" ">
    <subfield code="0">0</subfield>
    <subfield code="1">0</subfield>
    <subfield code="2">lcc</subfield>
    <subfield code="4">0</subfield>
    <subfield code="5">13</subfield>
    <subfield code="7">0</subfield>
    <subfield code="a">TBS</subfield>
    <subfield code="b">TBS</subfield>
    <subfield code="c">DISPLAY</subfield>
    <subfield code="d">2026-04-07</subfield>
    <subfield code="l">0</subfield>
    <subfield code="o">The journal is available on the new arrivals shelf </subfield>
    <subfield code="p">B09006</subfield>
    <subfield code="r">2026-04-07</subfield>
    <subfield code="t">1</subfield>
    <subfield code="u">https://www.thegrocer.co.uk/</subfield>
    <subfield code="w">2026-04-07</subfield>
    <subfield code="y">JOURNAL</subfield>
    <subfield code="z">28 February 2026</subfield>
  </datafield>
  <datafield tag="952" ind1=" " ind2=" ">
    <subfield code="0">0</subfield>
    <subfield code="1">0</subfield>
    <subfield code="2">lcc</subfield>
    <subfield code="4">0</subfield>
    <subfield code="5">13</subfield>
    <subfield code="7">0</subfield>
    <subfield code="a">TBS</subfield>
    <subfield code="b">TBS</subfield>
    <subfield code="c">DISPLAY</subfield>
    <subfield code="d">2026-04-07</subfield>
    <subfield code="l">0</subfield>
    <subfield code="o">The journal is available on the new arrivals shelf </subfield>
    <subfield code="p">B09008</subfield>
    <subfield code="r">2026-04-07</subfield>
    <subfield code="t">1</subfield>
    <subfield code="u">https://www.thegrocer.co.uk/</subfield>
    <subfield code="w">2026-04-07</subfield>
    <subfield code="y">JOURNAL</subfield>
    <subfield code="z">7 March 2026</subfield>
  </datafield>
  <datafield tag="952" ind1=" " ind2=" ">
    <subfield code="0">0</subfield>
    <subfield code="1">0</subfield>
    <subfield code="2">lcc</subfield>
    <subfield code="4">0</subfield>
    <subfield code="5">13</subfield>
    <subfield code="7">0</subfield>
    <subfield code="a">TBS</subfield>
    <subfield code="b">TBS</subfield>
    <subfield code="c">DISPLAY</subfield>
    <subfield code="d">2026-04-07</subfield>
    <subfield code="l">0</subfield>
    <subfield code="o">The journal is available on the new arrivals shelf </subfield>
    <subfield code="p">B09011</subfield>
    <subfield code="r">2026-04-07</subfield>
    <subfield code="t">1</subfield>
    <subfield code="u">https://www.thegrocer.co.uk/</subfield>
    <subfield code="w">2026-04-07</subfield>
    <subfield code="y">JOURNAL</subfield>
    <subfield code="z">14 March 2026</subfield>
  </datafield>
  <datafield tag="999" ind1=" " ind2=" ">
    <subfield code="c">5358</subfield>
    <subfield code="d">5358</subfield>
  </datafield>
</record>
